<?xml version="1.0" encoding="UTF-8"?>
<record
    xmlns:xsi="http://www.w3.org/2001/XMLSchema-instance"
    xsi:schemaLocation="http://www.loc.gov/MARC21/slim http://www.loc.gov/standards/marcxml/schema/MARC21slim.xsd"
    xmlns="http://www.loc.gov/MARC21/slim">

  <leader>01237nam a22002897a 4500</leader>
  <datafield tag="952" ind1=" " ind2=" ">
    <subfield code="a">0001</subfield>
    <subfield code="b">0001</subfield>
    <subfield code="d">2019-09-25</subfield>
    <subfield code="l">0</subfield>
    <subfield code="o">327.43092 G36h 1994</subfield>
    <subfield code="p">011965</subfield>
    <subfield code="r">2019-09-25 00:00:00</subfield>
    <subfield code="w">2019-09-25</subfield>
    <subfield code="x">Ertu&#x11F;rul &#xC7;epni ba&#x11F;&#x131;&#x15F;&#x131;d&#x131;r.</subfield>
    <subfield code="y">BKS</subfield>
  </datafield>
  <datafield tag="999" ind1=" " ind2=" ">
    <subfield code="c">13505</subfield>
    <subfield code="d">13505</subfield>
  </datafield>
  <controlfield tag="003">MIRAKIL</controlfield>
  <controlfield tag="005">20190925113835.0</controlfield>
  <controlfield tag="008">190925b        tu ||||| |||| 00| 0 tur d</controlfield>
  <datafield tag="020" ind1=" " ind2=" ">
    <subfield code="a">9757815012</subfield>
  </datafield>
  <datafield tag="040" ind1=" " ind2=" ">
    <subfield code="a">TR-AnCHP</subfield>
    <subfield code="c">TR-AnCHP</subfield>
  </datafield>
  <datafield tag="041" ind1=" " ind2=" ">
    <subfield code="a">tur</subfield>
  </datafield>
  <datafield tag="082" ind1=" " ind2=" ">
    <subfield code="a">327.43092</subfield>
    <subfield code="b">G36h 1994</subfield>
  </datafield>
  <datafield tag="100" ind1=" " ind2=" ">
    <subfield code="a">Gerede, H&#xFC;srev</subfield>
    <subfield code="d">1884-1962</subfield>
  </datafield>
  <datafield tag="245" ind1="1" ind2="0">
    <subfield code="a">Harb i&#xE7;inde Almanya (1939-1942) / </subfield>
    <subfield code="c">R. H&#xFC;srev Gerede ; yay&#x131;na haz&#x131;rlayanlar: Hul&#xFB;si Turgut, S&#x131;rr&#x131; Y&#xFC;ksel Cebeci.</subfield>
  </datafield>
  <datafield tag="260" ind1=" " ind2=" ">
    <subfield code="a">&#x130;stanbul:</subfield>
    <subfield code="b">ABC Ajans&#x131; yay&#x131;nlar&#x131;,</subfield>
    <subfield code="c">1994.</subfield>
    <subfield code="f">Binay Matbaac&#x131;l&#x131;k.</subfield>
  </datafield>
  <datafield tag="300" ind1=" " ind2=" ">
    <subfield code="a">416 s.:</subfield>
    <subfield code="b">fotg.;</subfield>
    <subfield code="c">20 sm.</subfield>
  </datafield>
  <datafield tag="490" ind1="0" ind2=" ">
    <subfield code="a">ABC An&#x131;lar dizisi;</subfield>
    <subfield code="v">1.</subfield>
  </datafield>
  <datafield tag="500" ind1=" " ind2=" ">
    <subfield code="a">D&#x131;&#x15F; kapakta: &#x130;kinci D&#xFC;nya sava&#x15F;&#x131; s&#x131;ras&#x131;nda T&#xFC;rkiye'nin Berlin B&#xFC;y&#xFC;kel&#xE7;isi H&#xFC;srev Gerede'nin an&#x131;lar&#x131;.</subfield>
  </datafield>
  <datafield tag="500" ind1=" " ind2=" ">
    <subfield code="a">D&#x131;&#x15F; kapakta yap&#x131;t ad&#x131; ba&#x15F;&#x131;nda: S&#x131;&#x11F;&#x131;nakta kaleme al&#x131;nan belgesel.</subfield>
  </datafield>
  <datafield tag="600" ind1=" " ind2="0">
    <subfield code="9">5986</subfield>
    <subfield code="a">Gerede, H&#xFC;srev</subfield>
    <subfield code="c">T.C. B&#xFC;y&#xFC;kel&#xE7;isi</subfield>
    <subfield code="d">1884-1962</subfield>
    <subfield code="x">An&#x131;lar</subfield>
  </datafield>
  <datafield tag="650" ind1=" " ind2="0">
    <subfield code="9">360</subfield>
    <subfield code="a">D&#x131;&#x15F; ili&#x15F;kiler</subfield>
    <subfield code="x">T&#xFC;rkiye</subfield>
    <subfield code="z">Almanya</subfield>
    <subfield code="y">1939-1942</subfield>
  </datafield>
  <datafield tag="650" ind1=" " ind2="0">
    <subfield code="9">5245</subfield>
    <subfield code="a">&#x130;kinci D&#xFC;nya Sava&#x15F;&#x131;</subfield>
    <subfield code="x">an&#x131;lar</subfield>
    <subfield code="y">1939-1942</subfield>
  </datafield>
  <datafield tag="700" ind1="1" ind2=" ">
    <subfield code="9">2364</subfield>
    <subfield code="a">Turgut, Hulusi</subfield>
    <subfield code="e">yay. haz.</subfield>
  </datafield>
  <datafield tag="700" ind1=" " ind2=" ">
    <subfield code="9">5987</subfield>
    <subfield code="a">Cebeci, S&#x131;rr&#x131; y&#xFC;ksel</subfield>
    <subfield code="e">yay. haz.</subfield>
  </datafield>
  <datafield tag="740" ind1=" " ind2=" ">
    <subfield code="a">S&#x131;&#x11F;&#x131;nakta kaleme al&#x131;nan belgesel</subfield>
  </datafield>
  <datafield tag="942" ind1=" " ind2=" ">
    <subfield code="2">ddc</subfield>
    <subfield code="c">BKS</subfield>
  </datafield>
</record>
